00474nam a2200169Ia 4500003000900000008004100009040001600050080002100066245005000087260003500137300001500172650002400187650004100211650002300252650001100275700001800286IN-BaIIA211028s9999 xx 000 0 eng d cIIA Library a047.1:535bPRO-5 0aProgress in opticsbvol. 5cedited by Wolf E. aAmsterdambNorth-Hollandc1966 axii, 383p. aAstronomical optics aAstronomy and astrophysics Thesaurus aOptical properties aOptics aWolf, E., ed.